Ces footballeurs sont-ils binationaux ? - Statistiques

Statistiques générales
  • Ce quiz a été pris 61 fois
  • Le résultat moyen est 10 sur 15
Statistiques - réponses
Question Réponse % Correct
Thomas Müller Non
91%
Luka Modric Non
83%
Martin Ødegaard Non
83%
Mohamed Salah Non
78%
Takefusa Kubo Non
70%
Federico Chiesa Non
70%
Hakim Ziyech Oui
70%
Achraf Hakimi Oui
70%
Zlatan Ibrahimovic Oui
65%
Thierry Henry Non
61%
Robert Lewandowski Non
57%
Hakan Çalhanoğlu Oui
57%
Lionel Messi Oui
57%
Bradley Barcola Oui
57%
Kingsley Coman Non
39%
Aucun quiz correspondant
Distribution des résultats
% des personnes avec chaque résultat
Percentile par nombre de réponses
Votre historique - résultats
Vous n’avez pas pris ce quiz